000 00215nam a2200097Ia 4500
008 190216s9999||||xx |||||||||||||| ||und||
100 _aNull
245 0 _aHindi-Parasuram Ka Danush
260 _bRama Pub
942 _cBK
999 _c18095
_d18095